000 00537nam a2200181Ia 4500
003 SISC
005 20160823102215.0
008 140609s9999 xx 000 0 und d
020 _a9789810689308
050 _aHB 171.5
_b.C337 2011
100 _aCase.
245 _aPrinciples of economics volume 2 :
_bmacroeconomics /
_cCase, Fair, Oster.
260 _aSingapore :
_bPearson Education South Asia Pte Ltd.,
_c2011.
300 _a765 pages :
_bill. ;
_c26 cm.
500 _aIncludes index.
942 _kFOR
_cBK
_2lcc
999 _c118011
_d118011